01170 a2200193 4500003000500000005001700005040000900022082001500031100002200046245007100068260004200139300001200181505046900193650002800662942002400690999001900714952010300733952014000836NUST20221227130754.0 cNust a355.02,TZU aTzu , Sun 990541 aThe art of war (DNT) /cSun Tzu,hTranslation By Ralph D. Sawayer aServices Book Club bRawalpindic2011 a375 p.; aA Note on the Translation and Pronunciation (Page-21), Chronology of Approximate (Page-25), Introduction (Page-77), Initial Estimation (Page-165), Waging War (Page-171), Military Disposition (Page-181), Strategic Military Power (Page-185), Vacuity and Substance (Page-189), Military Combat (Page-195), Nine Changes (Page-201), Maneuvering the Army (Page-205), Configuration of Terrain (Page-211), Employing Spies (Page-229), Tomb Text and Lost Writings (Page-235). aThe art of war 9106051 2ddccBKk355.02,TZU c197884d197884 00102ddc40708NFICaMCSbMCSd2016-12-12l0o355.02 TZU pMCS36808r2016-12-08w2016-12-12yBK 00102ddc4070aMCSbMCScGENd2016-12-12l4o355.02,TZU pMCS37366r2024-07-08s2024-06-07w2016-12-12yBKzAlmirah No.52, Shelf No.4